| 000 | 01289cam a22003255a 4500 | ||
|---|---|---|---|
| 001 | 17460679 | ||
| 005 | 20180415111209.0 | ||
| 008 | 120912t2013 caua frb 001 0 eng d | ||
| 010 | _a 2012949308 | ||
| 020 | _a9781591264101 (pbk.) | ||
| 020 | _a1591264103 (pbk.) | ||
| 035 | _a(OCoLC)ocn809411215 | ||
| 040 |
_aYDXCP _beng _cYDXCP _dBTCTA _dOCLCQ _dNRC _dOCLCO _dDLC _dEG-ScBUE |
||
| 082 | 0 | 4 |
_a660 _bLIN _222 |
| 100 | 1 | _aLindeburg, Michael R. | |
| 245 | 1 | 0 |
_aChemical engineering reference manual for the PE exam / _cMichael R. Lindeburg. |
| 246 | 3 | _aChemical engineering reference manual for the professional engineering exam | |
| 250 | _a7th ed. | ||
| 260 |
_aBelmont : _bProfessional Publications, Inc., _cc.2013. |
||
| 300 |
_a1 v. (various pagings) : _bill. (col.) ; _c28 cm. |
||
| 500 | _a"Comprehensive chemical engineering coverage you can trust"--Cover. | ||
| 500 | _a"RM Reference Manual, Professional Publications, Inc., since 1975, the choice of over 2 million professionals"--Cover. | ||
| 504 | _aIncludes bibliographical references and index. | ||
| 650 | 7 |
_aChemical engineering. _2BUEsh |
|
| 650 | 7 |
_aChemical engineering _xExaminations _vStudy guides. _2BUEsh |
|
| 651 | _2BUEsh | ||
| 653 |
_bENGCHE _cApril2018 |
||
| 655 |
_vText book _933728 |
||
| 942 | _2ddc | ||
| 999 |
_c26510 _d26482 |
||